01064nam0a22002171 4500001001000000005001700010035002600027100004100053101000800094102000700102105001800109200032700127210006800454215002300522320004200545702007700587712012300664801001800787801002200805852001900827rc\91041820260406164723.0 a(NLR Aleph) 006085222 a20041129d1984 |||y0rusy50 ca0 arus aRU aa |||||||||1 aОборудование и прогрессивная технология обработки давлением авиационных материаловeМежвуз. сб. науч. тр.fАндропов. авиац. технол. ин-тg[Редкол.: Колпашников А.И. (отв. ред.) и др.] aЯрославльcЯросл. политехн. ин-тd1984 a111 с.cил.d21 aБиблиогр. в конце ст. 1aКолпашниковbА.И.gАлександр Иванович434002aРыбинский авиационный технологический институт3RU\NLR\AUTH\889936189 0aRUbNLRgpsbo 1aRUbELAR2rusmarc aNLRj85-5/3496